Oliver Fahle: Theorien des Dokumentarfilms zur Einführung
| Titel: | Oliver Fahle: Theorien des Dokumentarfilms zur Einführung / Martin Janda |
|---|---|
| Verfasser: | |
| Veröffentlicht: |
Marburg : Philipps-Universität Marburg, 2021 Marburg : Schüren, 2021 |
| Umfang: | 1 Online-Ressource |
| Format: | E-Book |
| Sprache: | Deutsch |
X
alg: 49145891 001A $06000:03-03-22 001B $01999:03-03-22 $t23:08:27.000 001D $06000:03-03-22 001U $0utf8 001X $00 002@ $0Oax 002C $aText $btxt $2rdacontent 002D $aComputermedien $bc $2rdamedia 002E $aOnline-Ressource $bcr $2rdacarrier 003@ $0491458916 004P $010.25969/mediarep/17883 004U $0urn:nbn:de:101:1-2022020511534286947866 006G $01251145914 006U $022,O03 $f20220205 007A $01251145914 $aDNB 009Q $uhttps://doi.org/10.25969/mediarep/17883 $xR 009Q $uhttps://nbn-resolving.org/urn:nbn:de:101:1-2022020511534286947866 $xR 009Q $qapplication/pdf $S0 $uhttps://mediarep.org/handle/doc/18863 $xH 010@ $ager 011@ $a2021 $n2021 021A $aOliver Fahle: Theorien des Dokumentarfilms zur Einführung $hMartin Janda 028A $aJanda $BVerfasser $dMartin $4aut 033A $pMarburg $nPhilipps-Universität Marburg 033A $pMarburg $nSchüren 034D $a1 Online-Ressource 037A $aIn: MEDIENwissenschaft: Rezensionen | Reviews, Jg. 38 (2021), Nr. 3_4, S. 317–318. 044K $qDNB $RFilm $RDokumentarischer Spielfilm $RMockumentary $#Documentary films $#Films documentaires $#Documentari $#Documentales $#Dokumentarfilm $#Dokumentarfilm $#Dokumentarischer Film $#Kulturfilm $#Dokumentationsfilm $#Nichtfiktionaler Film $#Dokumentarfilme $emaschinell gebildet $74012653-5 $8Dokumentarfilm [Ts1] $9085027545 $k0,48969 044K $qDNB $RPraxis $#Theory (Philosophy) $#Théorie (philosophie) $#Theorie $#Theorie $emaschinell gebildet $74059787-8 $8Theorie [Tsz] $9085166316 $k0,02853 045B $a791.43 $ADNB $e23kdnb $Emaschinell gebildet $K0,82310 045E $c791 046X $aArchivierung/Langzeitarchivierung gewährleistet $5DE-101 lok: 49145891 3 exp: 49145891 3 1 #EPN 201B/01 $003-03-22 $t23:08:27.412 201C/01 $003-03-22 201U/01 $0utf8 203@/01 $01184265526 208@/01 $a03-03-22 $bl 209S/01 $S0 $uhttps://mediarep.org/handle/doc/18863 $XH lok: 49145891 5 exp: 49145891 5 1 #EPN 201B/01 $003-03-22 $t23:08:27.417 201C/01 $003-03-22 201U/01 $0utf8 203@/01 $01184265534 208@/01 $a03-03-22 $bl 209S/01 $S0 $uhttps://mediarep.org/handle/doc/18863 $XH lok: 49145891 8 exp: 49145891 8 1 #EPN 201B/01 $003-03-22 $t23:08:27.421 201C/01 $003-03-22 201U/01 $0utf8 203@/01 $01184265542 208@/01 $a03-03-22 $bl 209S/01 $S0 $uhttps://mediarep.org/handle/doc/18863 $XH lok: 49145891 10 exp: 49145891 10 1 #EPN 201B/01 $003-03-22 $t23:08:27.426 201C/01 $003-03-22 201U/01 $0utf8 203@/01 $01184265550 208@/01 $a03-03-22 $bl 209S/01 $S0 $uhttps://mediarep.org/handle/doc/18863 $XH lok: 49145891 11 exp: 49145891 11 1 #EPN 201B/01 $003-03-22 $t23:08:27.430 201C/01 $003-03-22 201U/01 $0utf8 203@/01 $01184265569 208@/01 $a03-03-22 $bl 209S/01 $S0 $uhttps://mediarep.org/handle/doc/18863 $XH lok: 49145891 21 exp: 49145891 21 1 #EPN 201B/01 $003-03-22 $t23:08:27.439 201C/01 $003-03-22 201U/01 $0utf8 203@/01 $01184265585 208@/01 $a03-03-22 $bl 209S/01 $S0 $uhttps://mediarep.org/handle/doc/18863 $XH lok: 49145891 23 exp: 49145891 23 1 #EPN 201B/01 $003-03-22 $t23:08:27.444 201C/01 $003-03-22 201U/01 $0utf8 203@/01 $01184265593 208@/01 $a03-03-22 $bl 209S/01 $S0 $uhttps://mediarep.org/handle/doc/18863 $XH lok: 49145891 25 exp: 49145891 25 1 #EPN 201B/01 $003-03-22 $t23:08:27.448 201C/01 $003-03-22 201U/01 $0utf8 203@/01 $01184265607 208@/01 $a03-03-22 $bl 209S/01 $S0 $uhttps://mediarep.org/handle/doc/18863 $XH lok: 49145891 204 exp: 49145891 204 1 #EPN 201B/01 $003-03-22 $t23:08:27.452 201C/01 $003-03-22 201U/01 $0utf8 203@/01 $01184265615 208@/01 $a03-03-22 $bl 209S/01 $S0 $uhttps://mediarep.org/handle/doc/18863 $XH lok: 49145891 205 exp: 49145891 205 1 #EPN 201B/01 $003-03-22 $t23:08:27.457 201C/01 $003-03-22 201U/01 $0utf8 203@/01 $01184265623 208@/01 $a03-03-22 $bl 209S/01 $S0 $uhttps://mediarep.org/handle/doc/18863 $XH
| LEADER | 00000cam a22000002c 4500 | ||
|---|---|---|---|
| 001 | 491458916 | ||
| 003 | DE-603 | ||
| 005 | 20220303230827.0 | ||
| 007 | cr|||||||||||| | ||
| 008 | 220303s2021 xx |||| o| u00||u|ger | ||
| 015 | |a 22,O03 |2 dnb | ||
| 016 | 7 | |2 DE-101 |a 1251145914 | |
| 024 | 7 | |a 10.25969/mediarep/17883 |2 doi | |
| 024 | 7 | |a urn:nbn:de:101:1-2022020511534286947866 |2 urn | |
| 035 | |a (DE-599)DNB1251145914 | ||
| 040 | |a DE-603 |b ger |c DE-603 |d DE-603 | ||
| 041 | |a ger | ||
| 082 | 7 | |8 3\p |a 791.43 |2 23kdnb | |
| 084 | |a 791 |q DE-101 |2 sdnb | ||
| 100 | 1 | |a Janda, Martin |e Verfasser |4 aut | |
| 245 | 0 | 0 | |a Oliver Fahle: Theorien des Dokumentarfilms zur Einführung |c Martin Janda |
| 264 | 1 | |a Marburg |b Philipps-Universität Marburg |c 2021 | |
| 264 | 1 | |a Marburg |b Schüren |c 2021 | |
| 300 | |a 1 Online-Ressource | ||
| 336 | |a Text |b txt |2 rdacontent | ||
| 337 | |a Computermedien |b c |2 rdamedia | ||
| 338 | |a Online-Ressource |b cr |2 rdacarrier | ||
| 500 | |a In: MEDIENwissenschaft: Rezensionen | Reviews, Jg. 38 (2021), Nr. 3_4, S. 317–318. | ||
| 650 | 7 | |8 1\p |a Dokumentarfilm |0 (DE-588)4012653-5 |0 (DE-603)085027545 |2 gnd | |
| 650 | 7 | |8 2\p |a Theorie |0 (DE-588)4059787-8 |0 (DE-603)085166316 |2 gnd | |
| 856 | |u https://doi.org/10.25969/mediarep/17883 |x Resolving-System | ||
| 856 | |u https://nbn-resolving.org/urn:nbn:de:101:1-2022020511534286947866 |x Resolving-System | ||
| 856 | |q application/pdf |u https://mediarep.org/handle/doc/18863 |x Verlag |z kostenfrei | ||
| 883 | 0 | |8 1\p |a maschinell gebildet |c 0,48969 |q DE-101 | |
| 883 | 0 | |8 2\p |a maschinell gebildet |c 0,02853 |q DE-101 | |
| 883 | 0 | |8 3\p |a maschinell gebildet |c 0,82310 |q DE-101 | |
| 924 | 1 | |9 603 |a (DE-603)1184265526 |b DE-603 |c HES |d d | |
| 924 | 1 | |9 603 |a (DE-603)1184265534 |b DE-603 |c HES |d d | |
| 924 | 1 | |9 603 |a (DE-603)1184265542 |b DE-603 |c HES |d d | |
| 924 | 1 | |9 603 |a (DE-603)1184265550 |b DE-603 |c HES |d d | |
| 924 | 1 | |9 603 |a (DE-603)1184265569 |b DE-603 |c HES |d d | |
| 924 | 1 | |9 603 |a (DE-603)1184265585 |b DE-603 |c HES |d d | |
| 924 | 1 | |9 603 |a (DE-603)1184265593 |b DE-603 |c HES |d d | |
| 924 | 1 | |9 603 |a (DE-603)1184265607 |b DE-603 |c HES |d d | |
| 924 | 1 | |9 603 |a (DE-603)1184265615 |b DE-603 |c HES |d d | |
| 924 | 1 | |9 603 |a (DE-603)1184265623 |b DE-603 |c HES |d d | |